Services and sustainability of Credit Cooperative in Digos City / (Record no. 13167)
[ view plain ]
| 000 -LEADER | |
|---|---|
| fixed length control field | 00647nam a22001697a 4500 |
| 008 - FIXED-LENGTH DATA ELEMENTS--GENERAL INFORMATION | |
| fixed length control field | 190209b ||||| |||| 00| 0 eng d |
| 082 ## - DEWEY DECIMAL CLASSIFICATION NUMBER | |
| Edition number | 2018 |
| Classification number | UT 1198 |
| Item number | S16 |
| 100 ## - MAIN ENTRY--PERSONAL NAME | |
| Personal name | Saldino, Reena Rose L. |
| 9 (RLIN) | 36841 |
| 245 ## - TITLE STATEMENT | |
| Title | Services and sustainability of Credit Cooperative in Digos City / |
| Statement of responsibility, etc. | Reena Rose L. Saldino, Jessa Mae F. Roylo, and Irene R. Baay. |
| 260 ## - PUBLICATION, DISTRIBUTION, ETC. (IMPRINT) | |
| Place of publication, distribution, etc. | Digos City: |
| Name of publisher, distributor, etc. | UMDC |
| Date of publication, distribution, etc. | March 2018. |
| 300 ## - PHYSICAL DESCRIPTION | |
| Extent | 57 pages; |
| Dimensions | 30 cm. |
| 650 ## - SUBJECT ADDED ENTRY--TOPICAL TERM | |
| Topical term or geographic name as entry element | Business Administration |
| Form subdivision | Financial |
| General subdivision | Undergraduate thesis. |
| 9 (RLIN) | 36842 |
| 700 ## - ADDED ENTRY--PERSONAL NAME | |
| Personal name | Saldino, Reena Rose L. |
| 9 (RLIN) | 36841 |
| 700 ## - ADDED ENTRY--PERSONAL NAME | |
| Personal name | Roylo, Jessa Mae F. |
| 9 (RLIN) | 36843 |
| 700 ## - ADDED ENTRY--PERSONAL NAME | |
| Personal name | Baay, Irene R. |
| 9 (RLIN) | 36844 |
| 942 ## - ADDED ENTRY ELEMENTS (KOHA) | |
| Source of classification or shelving scheme | Dewey Decimal Classification |
| Koha item type | Undergraduate Thesis |
| Withdrawn status | Lost status | Source of classification or shelving scheme | Damaged status | Not for loan | Collection code | Home library | Current library | Date acquired | Total Checkouts | Full call number | Barcode | Date last seen | Copy number | Price effective from | Koha item type |
|---|---|---|---|---|---|---|---|---|---|---|---|---|---|---|---|
| Dewey Decimal Classification | Undergraduate Theses | UM Digos College - LIC | UM Digos College - LIC | 02/04/2019 | UT 1198 S16 2018 | UT1198 | 02/09/2019 | 1 | 02/09/2019 | Undergraduate Thesis |
